[Event "Biel GM 50th"]
[Site "Biel"]
[Date "2017.07.31"]
[Round "7"]
[White "Hou, Yifan"]
[Black "Bacrot, Etienne"]
[Result "1-0"]
[WhiteElo "2666"]
[BlackElo "2715"]
[Annotator "Hou,Yifan"]
[PlyCount "71"]
[EventDate "2017.07.24"]
[EventType "tourn"]
[EventRounds "9"]
[EventCountry "SUI"]
[EventCategory "16"]
[SourceTitle "CBM 180"]
[Source "ChessBase"]
[SourceDate "2017.09.13"]
[SourceVersion "1"]
[SourceVersionDate "2017.09.13"]
[SourceQuality "1"]

1. e4 e5 2. Nf3 Nc6 3. Bb5 Nf6 4. d3 Bc5 5. c3 O-O 6. O-O d6 7. h3 Ne7 8. Re1
c6 9. Ba4 Ng6 10. d4 Bb6 11. Nbd2 Re8 12. Bc2 h6 {Checking the database after
the game I just realised Etienne had faced exactly the same position against
Ponomariov in the 2013 GP, but that game came from an Italian Game.} 13. a4 Bc7
14. Nf1 $1 {Right decision and I was hoping for ...d5 here as any other moves
will give White a typical comfortable position when the knight goes to g3, so
normally Black should be alert to catch the right moment to make some
counterplay in the centre before White stabilises.} d5 $6 {The most practical
decision as any other moves will allow Ng3 with comfortable play although
still the position is still far from clear.} 15. Nxe5 $1 (15. exd5 e4) (15.
dxe5 Nxe4 16. Bxe4 dxe4 17. Qxd8 Bxd8 18. Rxe4 Bc7 {both lines are making no
difficulties for Black.}) 15... Nxe5 {The most natural option but leads to a
forced line which allows White great attacking chances.} ({Here it is
difficult for humans to accept an ugly pawn chain:} 15... dxe4 16. Nxg6 fxg6 {
but somehow things turns out to be quite different as the e4-pawn is limiting
White's piece flexibility; in the meantime Black's own development is coming: .
..Bf5, ...Qd6, ...Rad8 etc.}) 16. dxe5 Bxe5 17. f4 Bc7 18. e5 Ne4 $1 {
Important! Otherwise White will easily exert pressure with the strong e5-pawn.
The position firstly looks pretty fine for Black to me as the light squares
have been blocked; even after White wins an extra pawn the weakness inside the
white position will secure enough compensation for Black. So the only way to
keep an advantage is to maintain the attack towards the king, but how can that
be done without the light-squared bishop?} 19. Bxe4 dxe4 20. Qh5 $1 {This is
the main idea of the whole plan, while exchanging on e5. Strangely enough the
pair of bishops simply cannot be powerful while the "obstacle" e4-pawn is
hanging here. The g3-square is an important square for both the knight and the
rook. White should always be alert to some ...f5/f6 breakthrough which would
solve Black's problems at once.} Be6 21. Ng3 {The key point is to understand
that preventing ...f5/f6 became crucial} (21. Be3 {looks the most natural but
will refuted by} f5 $1 22. Rad1 Qc8 {no continuous attacks}) (21. Rxe4 {
I did not consider this too much, but noticed a nice trick:} f6 $1 {
successfully opens the position which activates the bishop pair.} (21... g6 22.
Qxh6 Qd1 {seems attractive but...} 23. f5 $1 {[%cal Ge4h4] White wins}) 22. Ng3
Bd5 23. Re1 fxe5 24. fxe5 Qd7 $44) 21... Bb6+ (21... f6 {now doesn't work
because of} 22. Nxe4 fxe5 23. f5) 22. Be3 ({Another possibility that drew my
attention is} 22. Kh1 $6 Bf2 23. Rd1 Bxg3 $1 {the most direct way to refute
the line:} 24. Rxd8 Raxd8 25. Be3 Rd3 $44) 22... Qd3 {Obviously the idea of
the ...Bb6 check is to break White's attacking plan and make the game more
concrete.} (22... Qd2 $5 23. Bxb6 ({During the game I was planning to play} 23.
Qe2 {converting into an endgame with an extra pawn which is solid and better
for White. The concrete line goes} Bxe3+ 24. Qxe3 Qxb2 25. Rab1 Qc2 26. f5 Bd5
27. e6 $1 $40) 23... axb6 24. Nxe4 Qxf4 $6 ({somehow I missed the nice little
trap, of course} 24... Qxb2 {is very dangerous for Black}) 25. g3 $1 {the
queen has been trapped!} Qf5 26. Qxf5 Bxf5 27. Nd6 {Material up, with accuracy
White should win this but this is not relevant to us here.}) 23. Nf1 $1 {
Another key move which I found when playing Ng3 earlier.} ({If} 23. Qe2 {
tranposed to the variation of 22...Qd2, but here I already hoped for more then
a better endgame!}) 23... Rad8 24. f5 ({Here I spent for quite some time
trying to find the most accurate way as I felt it was the crucial moment. At
first} 24. Bxb6 $5 {looked attractive to me, but later on I realised there was}
axb6 25. Ne3 Kh7 $1 {-- I gave this exclamatory mark during the game from my
point of view} (25... Bc8 {the position will be vulnerable for Black as I
slowly retreat the queen by Rad1, then f5, Ng4, Re3-g3 and all the pieces are
going to join the fight while there's simply no counterplay for Black except
taking the useless a4-pawn.}) 26. Rad1 g6 $1 {intending ...Kh7} 27. Qh4 Qxe3+
28. Rxe3 Rxd1+ {Although it might be theoretically winning, somehow I decided
to avoid this technical position and went for another path.}) 24... Bb3 25. f6
$2 ({A much tronger move is} 25. e6 $1 fxe6 26. f6 {with a better version of
the breakthrough Black's kingside compared to the game.}) 25... Qd5 $1 {
Etienne calmly found the precise defensive way to come back to the fight.} 26.
Bxb6 axb6 27. fxg7 ({I was aming to go for} 27. Qg4 g6 28. Rxe4 {but just
realised later that Black simply takes on e5:} (28. Qxe4 {will lead to a
slightly better endgame but obviously not the thing I wanted when pushing f5})
28... Rxe5 {and in this position White is everywhere a short of being able to
utilise the f6-pawn to make threats.}) 27... Qxe5 28. Qxh6 Qxg7 29. Qh4 Rd3 $6
{Such a weird position! All the white pieces except the queen are on the back
rank, but in the meantime if the knight and rooks join the game via the 3rd
rank smoothly then the exposed black king will be difficult to defend. Another
important factor is the inactive b3-bishop; if we look at it more deeply it's
doing nothing there if White tries to keep the e4-pawn on the board.} (29...
Rd6 {can beconsidered to be more accurate as it turns out later that defending
along the 6th rank is the right path.} 30. Re3 Rg6 31. Ng3 Re5 32. Rf1 {
White still keeps attacking chances according to the comparison of knight vs.
bishop, but it's far from a clear judgement.}) 30. Re3 (30. Ne3 {is even
stronger but the move I played is also practical.}) 30... Re6 31. Rae1 $5 {
Maintain the pressure again and not get lured to take the e4-pawn.} (31. Rxd3
exd3 32. Qd8+ Qf8 33. Qxd3 Qc5+ {without the e4-pawn rook and bishop have
lines; even more is the wasted tempi let the black queen become powerful.})
31... Rh6 {It is difficult to suggest the best defence for Black.} ({Clearly
the main target will be exchanging queens, so probably the first step is to
bring the bishop back to the centre which could avoid some tempi/checks via e4
in specific positions.} 31... Bd5) 32. Qf4 Rxh3 $2 ({It is actually the last
crucial moment where my opponent needs to search out more tasks for White by} 
32... Rf6 33. Qxe4 $1 (33. Qb8+ Kh7 {successfully depriving the queen of
coordination.}) 33... Bd5 34. Qe8+ Kh7 35. g4 $1 {White needs to find this
move before Qxe4 in order to keep a clear advantage.}) 33. Rxd3 Rxd3 34. Rxe4
Be6 35. Ne3 {Finally this knight comes back to a key role after 12 moves. It
cuts the route of the d3-rook and the connection of three pieces is unstopable
now.} Rd8 $2 {Finally the mistake under time pressue.} ({A more stubborn try is
} 35... Rd7 {but will run into a brilliant idea} 36. a5 $1 {opening the a-file,
at the same time making the c5-square available for White's queen whenever
needed.} bxa5 37. Re5 Qh7 38. Rxa5 $18) 36. Re5 1-0

[Event "Salamanca Uni 9th"]
[Site "Salamanca"]
[Date "2019.11.30"]
[Round "7"]
[White "Topalov, Veselin"]
[Black "Hou, Yifan"]
[Result "0-1"]
[WhiteElo "2736"]
[BlackElo "2659"]
[PlyCount "76"]
[EventDate "2019.11.27"]
[EventType "tourn"]
[EventRounds "7"]
[EventCountry "ESP"]
[EventCategory "12"]
[SourceTitle "EXT 2021"]
[Source "ChessBase"]
[SourceDate "2020.10.23"]
[SourceVersion "1"]
[SourceVersionDate "2020.10.23"]
[SourceQuality "1"]

1. e4 e5 2. Nf3 Nf6 3. Nxe5 d6 4. Nf3 Nxe4 5. Nc3 Nxc3 6. dxc3 Be7 7. Be3 Nc6
8. Qd2 Be6 9. O-O-O Qd7 10. Kb1 Bf6 11. Bg5 Bxg5 12. Nxg5 O-O-O 13. Nxe6 Qxe6
14. Bb5 Qd7 15. Rhe1 Rde8 16. f4 Rxe1 17. Rxe1 Re8 18. a3 a6 19. Bc4 Rxe1+ 20.
Qxe1 d5 21. Bd3 h6 22. Qg3 f6 23. h4 Kb8 24. h5 Qe7 25. Qg4 Qe1+ 26. Ka2 Qe7
27. Qf5 Qd6 28. g3 Nd8 29. c4 dxc4 30. Bxc4 Nc6 31. c3 Ka7 32. Qg4 Qe7 33. Bd5
Qc5 34. Be6 Qe7 35. b4 Qd6 36. Qe2 a5 37. Kb3 axb4 38. Qe3+ Kb8 0-1